|
|
|
|
| LEADER |
00000cam a22000004a 4500 |
| 001 |
musev2_55971 |
| 003 |
MdBmJHUP |
| 005 |
20230905045739.0 |
| 006 |
m o d |
| 007 |
cr||||||||nn|n |
| 008 |
170922s2017 mau o 00 0 eng d |
| 020 |
|
|
|a 9780262342155
|
| 020 |
|
|
|z 0262342154
|
| 020 |
|
|
|z 9780262036719
|
| 035 |
|
|
|a (OCoLC)1004564431
|
| 040 |
|
|
|a MdBmJHUP
|c MdBmJHUP
|
| 100 |
1 |
|
|a Ratcliffe, Matthew,
|d 1973-
|e author.
|
| 245 |
1 |
0 |
|a Real Hallucinations :
|b Psychiatric Illness, Intentionality, and the Interpersonal World /
|c Matthew Ratcliffe.
|
| 264 |
|
1 |
|a Cambridge, MA :
|b The MIT Press,
|c [2017]
|
| 264 |
|
3 |
|a Baltimore, Md. :
|b Project MUSE,
|c 2017
|
| 264 |
|
4 |
|c ©[2017]
|
| 300 |
|
|
|a 1 online resource (304 pages).
|
| 336 |
|
|
|a text
|b txt
|2 rdacontent
|
| 337 |
|
|
|a computer
|b c
|2 rdamedia
|
| 338 |
|
|
|a online resource
|b cr
|2 rdacarrier
|
| 490 |
0 |
|
|a Philosophical psychopathology
|
| 505 |
0 |
|
|a Schizophrenia and selfhood -- Thought insertion clarified -- Voices of anxiety -- Trauma and trust -- Intentionality and interpersonal experience -- Varieties of hallucination -- Metaphilosophical conclusion.
|
| 520 |
|
|
|a A philosophical account of the structure of experience and how it depends on interpersonal relations, developed through a study of auditory verbal hallucinations and thought insertion.
|
| 588 |
|
|
|a Description based on print version record.
|
| 650 |
|
7 |
|a Thought insertion.
|2 fast
|0 (OCoLC)fst01150275
|
| 650 |
|
7 |
|a Perception.
|2 fast
|0 (OCoLC)fst01057622
|
| 650 |
|
7 |
|a Hallucinations and illusions.
|2 fast
|0 (OCoLC)fst00950645
|
| 650 |
|
7 |
|a Delusions.
|2 fast
|0 (OCoLC)fst00890020
|
| 650 |
|
7 |
|a Auditory hallucinations.
|2 fast
|0 (OCoLC)fst00821272
|
| 650 |
|
7 |
|a Philosophy.
|2 fast
|0 (OCoLC)fst01060777
|
| 650 |
|
7 |
|a MEDICAL
|x Internal Medicine.
|2 bisacsh
|
| 650 |
|
7 |
|a MEDICAL
|x Evidence-Based Medicine.
|2 bisacsh
|
| 650 |
|
7 |
|a MEDICAL
|x Diseases.
|2 bisacsh
|
| 650 |
|
7 |
|a MEDICAL
|x Clinical Medicine.
|2 bisacsh
|
| 650 |
|
7 |
|a HEALTH & FITNESS
|x Diseases
|x General.
|2 bisacsh
|
| 650 |
|
7 |
|a philosophy.
|2 aat
|
| 650 |
|
6 |
|a Philosophie.
|
| 650 |
|
6 |
|a Perception.
|
| 650 |
|
6 |
|a Delire.
|
| 650 |
|
6 |
|a Hallucinations auditives.
|
| 650 |
2 |
2 |
|a Philosophy
|
| 650 |
2 |
2 |
|a Interpersonal Relations
|
| 650 |
2 |
2 |
|a Perception
|
| 650 |
2 |
2 |
|a Delusions
|x psychology
|
| 650 |
1 |
2 |
|a Hallucinations
|x psychology
|
| 650 |
|
0 |
|a Philosophy.
|
| 650 |
|
0 |
|a Perception.
|
| 650 |
|
0 |
|a Delusions.
|
| 650 |
|
0 |
|a Thought insertion.
|
| 650 |
|
0 |
|a Auditory hallucinations.
|
| 650 |
|
0 |
|a Hallucinations and illusions.
|
| 655 |
|
7 |
|a Electronic books.
|2 local
|
| 710 |
2 |
|
|a Project Muse.
|e distributor
|
| 830 |
|
0 |
|a Book collections on Project MUSE.
|
| 856 |
4 |
0 |
|z Texto completo
|u https://projectmuse.uam.elogim.com/book/55971/
|
| 945 |
|
|
|a Project MUSE - Custom Collection
|
| 945 |
|
|
|a Project MUSE - 2017 Complete
|
| 945 |
|
|
|a Project MUSE - 2017 Psychology
|